000 00259nam a22001217a 4500
008 170613b xxu||||| |||| 00| 0 eng d
041 _aeng
080 _a94
100 _a19
101 _aSHH
245 _aMANSRISE CIVILAZITION
_cFARB.P
942 _2udc
_cBK
999 _c17184
_d17184